| 000 | 00882nam a22003015a 4500 | ||
|---|---|---|---|
| 003 | EG-ScBUE | ||
| 005 | 20221115065055.0 | ||
| 008 | 160225s2014 ko o f 000 0 eng d | ||
| 020 | _a9788997767267 (set) | ||
| 020 | _a9788997767274 (v. 1) | ||
| 020 | _a9788997767281 (v. 2) | ||
| 020 | _a9788997767298 (v. 3) | ||
| 020 | _a9788997767304 (v. 4) | ||
| 040 |
_aEG-ScBUE _beng _erda _cEG-ScBUE _dEG-ScBUE |
||
| 041 | 0 |
_aeng _akor |
|
| 082 | 0 | 4 |
_a724 _bMDE _222 |
| 245 | 0 | 0 | _aM-Design. |
| 264 | 1 |
_aSeoul, Korea : _bChoseok, _c2014. |
|
| 300 |
_a4 volumes : _bphotographs ; _c30 cm. |
||
| 490 | 0 | _aModern architecture | |
| 505 | 0 | _aVolume 1 -- Volume 2 -- Volume 3 -- Volume 4. | |
| 546 | _aText in English and Korean. | ||
| 650 | 7 |
_aArchitecture, Modern. _2BUEsh _911499 |
|
| 651 | _2BUEsh | ||
| 653 |
_bENGARC _cFebruary2016 |
||
| 655 | _vReading book | ||
| 942 |
_2ddc _cBB |
||
| 999 |
_c21246 _d21218 |
||